[Event "20th Prague Open 2022"]
[Site "Prague"]
[Date "2022.01.09"]
[Round "4.10"]
[White "Mikes, Jan"]
[Black "Cholleti Sahajasri"]
[Result "1-0"]
[WhiteElo "2329"]
[BlackElo "2235"]
[Annotator "TA"]
[PlyCount "75"]
[EventDate "2022.01.07"]
[EventType "swiss"]
[EventCountry "CZE"]
[SourceTitle "playchess.com"]
[Source "ChessBase"]
[SourceQuality "1"]

{[%evp 9,75,22,16,31,18,18,23,25,31,0,25,24,41,67,73,37,84,56,59,61,71,41,68,79,66,79,47,16,68,77,147,81,194,208,200,190,377,379,480,467,621,633,562,603,781,764,837,835,997,958,1284,1293,1365,1222,1134,1126,1243,1196,1714,1635,2385,1988,29981,29982,29982,29977,29980,6100]} 1. e4 c6 2. d4 d5 3. f3 dxe4 4. fxe4 e5 5. Nf3 Bg4 6. c3 {B12: Caro-Kann: Advance Variation.} Nd7 7. Bd3 Bd6 8. O-O {White has an edge.} Ngf6 9. Na3 $1 {[%mdl 4] now scores much better than the old 9.Nbd2.} b5 (9... Bxa3 $5 10. bxa3 O-O $14) 10. Nc2 Bh5 11. Ne3 {[#]} Bg6 $146 ({Predecessor:} 11... O-O 12. Nf5 Qc7 13. Qc2 Bg6 14. Nxd6 Qxd6 15. Bg5 c5 16. dxe5 Nxe5 17. Nxe5 Qxe5 18. Bxf6 gxf6 19. Bxb5 Bxe4 {½-½ (60) Caruana,F (2828)-Firouzja,A (2728) Stavanger 2020}) 12. a4 (12. Nh4 {keeps more tension.} O-O 13. Nef5 Qc7 14. Kh1 c5 15. d5) 12... a6 (12... O-O $1 $14) 13. axb5 (13. Nh4 {is interesting.} O-O 14. Nef5 Qc7 15. Qf3 c5 16. d5) 13... axb5 14. Rxa8 Qxa8 15. Nh4 $1 Qb8 (15... Bxe4 $2 16. Bxe4 Nxe4 17. Nef5 $18 (17. Qf3 Ng5 $16) (17. Qg4 Nef6 $11)) 16. Kh1 (16. Nxg6 hxg6 17. h3 Qa7 $11) 16... O-O 17. Nef5 $1 ({Much worse is} 17. Nxg6 hxg6 18. Bb1 c5 $11) 17... Re8 18. Qf3 ({But not} 18. Nxd6 Qxd6 19. Nxg6 hxg6 $11) 18... Bf8 (18... Bh5 $11 19. Qg3 Bf8) 19. g4 $14 {White is more active. White leaves nothing to chance now.} ({Reject} 19. Nxg6 hxg6 20. Ng3 Qd6 $11) 19... Qa8 ({Black should try} 19... Kh8) 20. Ng3 (20. g5 $142 Nh5 21. Nxg6 fxg6 22. Nh6+ $1 gxh6 23. Qf7+ Kh8 24. Qxd7) 20... h6 (20... Nb6 $16) 21. Nxg6 $18 fxg6 {[#]} 22. h4 {[%cal Bh2h4,Bh4g5][%mdl 32] Prevents g5. aiming for g5.} Qa2 $2 (22... Re7 23. Be3 Nh7) 23. g5 hxg5 24. hxg5 Nh7 25. d5 Re7 {Inhibits Qf7+.} 26. dxc6 Nb8 27. Bxb5 {[%cal Bd3b5,Bb5c4,Bc4d5,Bd5e6][%mdl 32] Black must now prevent Qd3.} Qe6 28. Kg2 Nxc6 29. Qe2 {Strongly threatening Bc4.} Kh8 30. Bc4 Qd7 31. Rd1 Qc8 32. Rh1 {And now Qd1 would win.} Nd8 {[#]} 33. Nf5 $1 {[%cal Oe2d3][%mdl 512] Threatens to win with Qd3!} Rc7 (33... Re6 34. Bd5) 34. Bd5 {[%cal Oe2g4] White wants to mate with Qg4!} Ne6 {[#]} 35. Qg4 $1 {Nh4 would kill now.} Bc5 {[#]} (35... Qa6 36. Nd4) 36. Rxh7+ $1 {[%mdl 512] White mates.} Kxh7 37. Qh3+ Kg8 38. Bxe6+ {Weighted Error Value: White=0.07 (flawless) /Black=0.76} 1-0

[Event "20th Prague Open 2022"]
[Site "Prague"]
[Date "2022.01.09"]
[Round "4.11"]
[White "Lim, Zhuo Ren"]
[Black "Matras, Ondrej"]
[Result "1-0"]
[WhiteElo "2311"]
[BlackElo "2223"]
[Annotator "TA"]
[PlyCount "111"]
[EventDate "2022.01.07"]
[EventType "swiss"]
[EventCountry "CZE"]
[SourceTitle "playchess.com"]
[Source "ChessBase"]
[SourceQuality "1"]

{[%evp 21,111,22,52,55,48,46,55,55,56,52,55,76,79,63,67,66,67,64,107,103,175,169,167,105,124,121,131,145,164,137,200,121,210,222,195,204,207,210,215,211,212,212,329,211,206,112,120,123,118,106,88,59,114,112,138,71,197,185,179,175,137,75,85,21,21,8,8,8,8,8,1017,985,2137,6230,6444,6065,3054,2442,29985,29986,29987,29983,29988,29984,29988,29985,29991,29992,29992,29993,29994,29995]} 1. d4 Nf6 2. c4 g6 3. g3 Bg7 4. Bg2 O-O 5. Nc3 c5 6. Nf3 Nc6 7. O-O cxd4 8. Nxd4 Nxd4 9. Qxd4 d6 10. Qd3 a6 11. Rd1 Qc7 12. Bd2 {A39: Symmetrical English vs ...g6: 4 Bg2 Bg7 5 Nf3 Nf6 6 0-0 0-0 7 d4.} Be6 13. b3 {[#]} Nd7 $146 ({Predecessor:} 13... Ng4 14. Rac1 Qb6 15. Qf3 Rab8 16. h3 Ne5 17. Qe3 Qxe3 18. Bxe3 b6 19. Nd5 Bxd5 20. cxd5 {½-½ (62) Szuhanek,R (2476)-Pantelic,S (2300) Banja Vrujci 2017}) 14. Rac1 {White is slightly better.} Rac8 15. Qf3 Rb8 16. Nd5 Qd8 17. Qe3 (17. e4 {keeps more tension.} b6 18. Qe2 Nc5 19. f4 Re8 20. Ne3) 17... Bxd5 18. cxd5 Re8 19. Bh3 Kf8 (19... Ra8 $14) 20. Rc2 $16 Rc8 (20... b5 $16) 21. Rxc8 $18 Qxc8 22. Ba5 (22. Rc1 $18 Qd8 23. Qa7) 22... f5 $16 23. Rc1 {Prevents Qc2.} Qb8 24. g4 {[%cal Bg3g4,Bg4g5][%mdl 32]} b6 25. Bc3 (25. gxf5 $6 bxa5 26. fxg6 Nf6 $16) 25... Nf6 26. g5 Ne4 (26... Nxd5 $2 27. Bxg7+ Kxg7 28. Qd4+ Nf6 29. Rc6 $18) (26... Nh5 $16) 27. Bxg7+ $18 Kxg7 28. f3 Nc5 {[%cal Be4c5,Bc5d7,Bd7b6,Bb6c4][%mdl 32]} 29. b4 Nd7 30. Qc3+ $1 Kg8 31. e4 Rf8 (31... Qa8 $142 32. Qe3 (32. exf5 Qxd5 33. fxg6 Ne5 $18) 32... Nf8) 32. f4 b5 33. Qc7 {To avoid Qa7+} (33. exf5 $18 gxf5 34. Qd3) 33... Qb6+ 34. Qxb6 {Active counter play!} Nxb6 $16 {[%mdl 4096] Endgame KRB-KRN} 35. Rc6 Rb8 36. Kf2 Kg7 ({Better is} 36... h6 $1 $14) 37. Rc7 ({Don't play} 37. exf5 Nxd5 38. f6+ exf6 $14) 37... Kf8 {[#]} 38. Ke3 ({Weaker is} 38. exf5 Nxd5 39. Ra7 Nxf4 $15) (38. Kf3 $142 $1) 38... Nc4+ (38... Ra8 $16 {was necessary.}) 39. Kd4 $18 fxe4 40. Kxe4 a5 {[#]} 41. bxa5 ({White should play} 41. f5 $1) 41... Nxa5 $16 42. f5 ({White should try} 42. Kd3 $16) 42... b4 $1 $11 43. f6 exf6 44. gxf6 {Black must now prevent Be6.} Rb7 $1 45. Rc1 {aiming for Be6.} b3 $2 {[%mdl 8192]} (45... Kf7 $11) 46. Be6 $18 {[%cal Rc1c8]} ({Not} 46. Rc8+ Kf7 47. Be6+ Kxf6 48. axb3 Nxb3 49. Rf8+ Kg5 $17) 46... Rb8 47. axb3 Nxb3 48. Rc7 Nc5+ 49. Kf3 Nxe6 50. dxe6 {KR-KR. White mates.} Re8 51. Rf7+ Kg8 52. Re7 {[%cal Re7e8]} Ra8 53. Ke4 h5 54. Rg7+ Kh8 55. e7 d5+ 56. Kf4 {Weighted Error Value: White=0.19 (very precise) /Black=0.26 (precise)} 1-0

[Event "20th Prague Open 2022"]
[Site "Prague"]
[Date "2022.01.09"]
[Round "4.12"]
[White "Mannion, Stephen R"]
[Black "Keerti Shree Reddy"]
[Result "1-0"]
[WhiteElo "2267"]
[BlackElo "1482"]
[Annotator "RC"]
[PlyCount "125"]
[EventDate "2022.01.07"]
[EventType "swiss"]
[EventCountry "CZE"]
[SourceTitle "playchess.com"]
[Source "ChessBase"]
[SourceQuality "1"]
[TimeControl "40/5400+30:1800+30"]

1. e4 {[%emt 0:00:02]} c5 {[%emt 0:00:20]} 2. Nf3 {[%emt 0:00:06]} g6 {[%emt 0:00:16]} 3. d4 {[%emt 0:00:18]} cxd4 {[%emt 0:00:03]} 4. Nxd4 {[%emt 0:00:06]} Bg7 {[%emt 0:00:15]} 5. c4 {[%emt 0:00:37]} Nc6 {[%emt 0:00:10]} 6. Be3 {[%emt 0:00:18]} Nf6 {[%emt 0:00:11]} 7. Nc3 {[%emt 0:00:06]} d6 {[%emt 0:01:03]} 8. Be2 {[%emt 0:00:28]} O-O {[%emt 0:00:43]} 9. O-O {[%emt 0:00:28]} Bd7 {[%emt 0:01:22]} 10. Nc2 {[%emt 0:03:18]} Ne5 {[%emt 0:06:29]} 11. f3 {[%emt 0:02:51]} Bc6 {[%emt 0:03:50]} 12. Qd2 {[%emt 0:02:21]} b6 {[%emt 0:05:06]} 13. Rfd1 {[%emt 0:02:47]} Rc8 {[%emt 0:03:02]} 14. Rac1 {[%emt 0:02:22]} Bb7 {[%emt 0:04:07]} 15. b3 {[%emt 0:01:15]} h5 {[%emt 0:03:25]} 16. Nd5 {[%emt 0:05:17]} Ned7 {[%emt 0:14:45]} 17. Nd4 {[%emt 0:05:38]} Ba6 {[%emt 0:02:42]} 18. Bf1 {[%emt 0:04:34]} Kh7 {[%emt 0:09:59]} 19. Kh1 {[%emt 0:03:07]} Nc5 {[%emt 0:06:23]} 20. Bg5 {[%emt 0:10:45]} Ng8 {[%emt 0:05:08]} 21. g3 {[%emt 0:07:59]} Bxd4 {[%emt 0:06:04]} 22. Qxd4 {[%emt 0:00:11]} Ne6 {[%emt 0:00:03]} 23. Qd2 {[%emt 0:00:25]} Nxg5 {[%emt 0:00:15]} 24. Qxg5 {[%emt 0:00:03]} Bb7 {[%emt 0:03:25]} 25. Qe3 Qd7 {[%emt 0:03:47]} 26. Nf4 {[%emt 0:09:55]} Qc6 {[%emt 0:00:34]} 27. Bg2 {[%emt 0:00:19]} Nf6 {[%emt 0:01:37]} 28. h4 {[%emt 0:04:49]} Kg7 {[%emt 0:01:39]} 29. Bh3 {[%emt 0:03:06]} Qc5 {[%emt 0:01:01]} 30. Qd2 {[%emt 0:01:44]} Rcd8 {[%emt 0:02:40]} 31. Nd5 {[%emt 0:00:25]} Rfe8 {[%emt 0:00:38]} 32. b4 {[%emt 0:06:33]} Qc6 {[%emt 0:00:13]} 33. Qb2 {[%emt 0:00:14]} Bc8 {[%emt 0:01:04]} 34. Bg2 {[%emt 0:04:49]} e5 {[%emt 0:00:40]} 35. Rd3 {[%emt 0:07:47]} Be6 {[%emt 0:04:01]} 36. Qd2 {[%emt 0:00:34]} Qc8 {[%emt 0:04:34]} 37. a3 {[%emt 0:01:04]} Rd7 {[%emt 0:01:26]} 38. Nxf6 {[%emt 0:04:56]} Kxf6 {[%emt 0:00:02]} 39. f4 {[%emt 0:00:05]} exf4 {[%emt 0:03:09]} 40. gxf4 {[%emt 0:02:19]} Ke7 {[%emt 0:01:47]} 41. f5 {[%emt 0:32:38]} Bxc4 {[%emt 0:32:12]} 42. f6+ {[%emt 0:00:00]} Kd8 {[%emt 0:00:00]} 43. Rxd6 {[%emt 0:00:00]} Re6 {[%emt 0:00:00]} 44. Rxd7+ {[%emt 0:00:00]} Qxd7 {[%emt 0:00:00]} 45. Qxd7+ {[%emt 0:00:00]} Kxd7 {[%emt 0:00:00]} 46. Rxc4 {[%emt 0:00:00]} Rxf6 {[%emt 0:00:00]} 47. e5 {[%emt 0:00:00]} Rf2 {[%emt 0:00:00]} 48. Bh3+ {[%emt 0:00:00]} Ke7 {[%emt 0:00:00]} 49. Rc7+ {[%emt 0:00:00]} Kf8 {[%emt 0:00:00]} 50. Rxa7 {[%emt 0:00:00]} Re2 {[%emt 0:00:00]} 51. e6 {[%emt 0:00:00]} fxe6 {[%emt 0:00:00]} 52. Rb7 {[%emt 0:00:00]} Re4 {[%emt 0:00:00]} 53. Kg2 {[%emt 0:00:00]} Rxh4 {[%emt 0:00:00]} 54. Bxe6 {[%emt 0:00:00]} Rd4 {[%emt 0:00:00]} 55. Rxb6 {[%emt 0:00:00]} Rd2+ {[%emt 0:00:00]} 56. Kg1 {[%emt 0:00:00]} Rd1+ {[%emt 0:00:00]} 57. Kf2 {[%emt 0:00:00]} Ra1 {[%emt 0:00:00]} 58. Ra6 {[%emt 0:00:00]} g5 {[%emt 0:00:00]} 59. b5 {[%emt 0:00:00]} Ke7 {[%emt 0:00:00]} 60. Bd5 {[%emt 0:01:34]} Kd7 {[%emt 0:00:00]} 61. b6 {[%emt 0:00:29]} Rb1 {[%emt 0:00:00]} 62. b7 {[%emt 0:00:25]} Kc7 {[%emt 0:00:00]} 63. Ra8 {[%emt 0:00:27]} 1-0

[Event "20th Prague Open 2022"]
[Site "Prague"]
[Date "2022.01.09"]
[Round "4.13"]
[White "Babula, Vlastimil"]
[Black "Ondrus, Martin"]
[Result "0-1"]
[WhiteElo "2561"]
[BlackElo "2267"]
[Annotator "TA"]
[PlyCount "84"]
[EventDate "2022.01.07"]
[EventType "swiss"]
[EventCountry "CZE"]
[SourceTitle "playchess.com"]
[Source "ChessBase"]
[SourceQuality "1"]

{[%evp 21,84,0,0,0,30,3,18,0,88,-65,-71,-69,-94,-102,-101,-77,-87,-84,-102,-197,-93,-280,-279,-345,-225,-297,80,-168,-166,-391,-403,-373,-383,-368,-387,-387,-382,-387,-360,-342,-337,-632,-620,-593,-586,-668,-640,-610,-656,-592,-589,-539,-441,-1355,-1534,-1454,-1156,-29985,-29986,-29986,-29987,-29987,-29988,-29990,-247]} 1. e4 c5 2. Nf3 d6 3. d4 cxd4 4. Nxd4 Nf6 5. Nc3 a6 6. Bc4 e6 7. Bb3 b5 8. O-O Be7 9. Qf3 Qb6 10. Be3 Qb7 11. a3 O-O 12. g4 {[%cal Bg2g4,Bg4g5][%mdl 32] B87: Sicilian Scheveningen/Najdorf: 6 Bc4, with early ...b5.} Nbd7 13. g5 Ne5 14. Qg2 {The position is equal.} Nfd7 {[#]} (14... Nfg4 15. Bc1 $16) (14... Nh5 $1 $11) 15. Nf5 $146 ({Predecessor:} 15. Rad1 Nc4 16. Bc1 Qb6 17. Rfe1 Bb7 18. Qh3 Nc5 19. Bxc4 bxc4 20. Re3 Bxg5 21. Rg3 Bxc1 22. Rxc1 Nxe4 23. Nxe4 Bxe4 24. Nxe6 fxe6 25. Qxe6+ {0-1 (51) Munoz,F (2159)-Reyes Rios,J (2010) Medellin 2013}) 15... exf5 $15 16. Bd5 Qb8 $1 {And now ...Nc5 would win.} 17. exf5 {[#]} Ra7 18. f6 (18. Bxa7 Qxa7) 18... Bd8 19. fxg7 Kxg7 20. Qh3 (20. f4 $17 Bb6 21. Qh3 Bxe3+ 22. Qxe3) 20... Bb6 (20... Nb6 $1 $19 21. Qh6+ Kg8) 21. Qh6+ (21. Be4 $17 h5 22. Qf5 (22. Qxh5 $2 Rh8 $19) (22. Bxb6 Nxb6 23. Qg3 Qc7 $19)) 21... Kh8 $1 $19 22. Be4 {[%csl Ge4][%cal Rh6h7]} Ng6 {Hoping for ...f5.} 23. Nd5 Re8 $2 {[#]} ({Better is} 23... f5 $1 $19 {[%cal Rf5e4]} 24. gxf6 Nxf6 $1 25. Bxb6 (25. Bxg6 $2 Rg7 $19) 25... Rg7) 24. Bxb6 $2 (24. Nxb6 $2 Rxe4 25. Nxc8 Rg4+ 26. Kh1 {[#]} Qxc8 $1 $19) (24. Bf5 $1 $16 {stays on course.} Bd8 25. Rad1) 24... Rxe4 {Black keeps a firm grip on the game.} 25. Rfe1 $2 (25. f4 f5 26. Bd8 (26. Bxa7 $2 Qxa7+ 27. Rf2 Nde5 $19)) 25... Rg4+ 26. Kf1 {White wants to mate with Re8+.} Nde5 27. Bd8 {Intending Bf6+ and mate.} ({Don't go for} 27. Nf6 $2 Rh4 28. Rxe5 dxe5 $19) ({Not} 27. Bxa7 $2 Qxa7 28. Rxe5 (28. Nf6 $2 Rh4 $19) 28... dxe5 $19) 27... f5 {[%cal Bf7f5,Bf5g4][%mdl 32]} 28. Bf6+ Kg8 29. Bxe5 dxe5 {The board is on fire.} 30. Nf6+ Kh8 {White must now prevent ...Rh4.} 31. Rad1 $2 (31. Nxh7 Rxh7 32. Qxg6) 31... Be6 32. Nxg4 fxg4 33. Rd2 Rd7 34. Rxd7 Bxd7 35. Rd1 {Inhibits Qd6.} Be6 36. Ke2 e4 {[%cal Be5e4,Be4e3][%mdl 32] Strongly threatening ...b4.} 37. Kd2 (37. Ke1 $142 Qb6 38. c3) 37... Qf4+ 38. Ke1 Bg8 {( -> ...e3)} 39. Ke2 {Prevents e3.} Qf3+ {Black mates.} 40. Kd2 Qxf2+ 41. Kc1 e3 42. Rd7 Qf1+ {Weighted Error Value: White=0.94/Black=0.30} 0-1

[Event "20th Prague Open 2022"]
[Site "Prague"]
[Date "2022.01.09"]
[Round "4.14"]
[White "Blahynka, Martin"]
[Black "Nielsen, Andre"]
[Result "0-1"]
[WhiteElo "2399"]
[BlackElo "2232"]
[Annotator "TA"]
[PlyCount "70"]
[EventDate "2022.01.07"]
[EventType "swiss"]
[EventCountry "CZE"]
[SourceTitle "playchess.com"]
[Source "ChessBase"]
[SourceQuality "1"]

{[%evp 22,70,45,35,59,0,16,-18,0,-23,-37,-8,18,6,227,0,0,0,0,-6,0,-107,-97,-122,-106,-113,-121,-102,-122,-116,-114,-105,-104,-108,-125,-162,-154,-234,-259,-280,-284,-431,-424,-418,-424,-736,-721,-628,-506,-482,-466]} 1. c4 f5 2. Nc3 Nf6 3. Nf3 g6 4. g3 Bg7 5. Bg2 O-O 6. O-O d6 7. d4 Nc6 8. d5 Ne5 9. Nxe5 dxe5 10. e4 f4 11. b4 g5 12. Re1 a6 {A89: Dutch Defence: Leningrad System: 5 Nf3 0-0 6 0-0 d6 7 Nc3 Nc6.} 13. Bb2 (13. a4 $14) 13... Qe8 $11 14. c5 {[%cal Bc4c5,Bc5d6,Bd6c7][%mdl 32] [#]} Qg6 $146 {The position is equal.} ({Predecessor:} 14... Ng4 15. Rc1 Qh5 16. h3 f3 17. Bxf3 Qxh3 18. Rc2 Rf7 19. Na4 Bd7 20. c6 bxc6 21. dxc6 Be6 22. Nc5 Raf8 23. Rc3 Qh2+ 24. Kf1 Qxf2# {0-1 (24) Michniewski,T (2190)-Duch,M (2249) Miedzyzdroje 2009}) 15. d6 exd6 16. cxd6 Qf7 17. dxc7 {Nd5 is the strong threat.} Ng4 $2 {[#]} (17... Ne8 $1 $11) 18. f3 $2 (18. Qb3 $1 $18) 18... Ne3 $1 19. Rxe3 fxe3 20. Nd5 $1 {Threatens to win with Nb6.} Be6 21. Nxe3 (21. Qc2 $11) 21... Qxc7 $17 22. Nd5 {To avoid Qb6+} Bxd5 23. Qxd5+ Kh8 24. Rc1 Qb6+ 25. Qc5 Qxc5+ 26. bxc5 Rad8 27. Bc3 {Inhibits Rd2.} Rc8 28. Ba5 g4 {Inhibits Bh3.} 29. Kf2 (29. fxg4 $17 Bh6 30. Re1) 29... Rf6 $19 30. Bd2 Rfc6 31. Rb1 (31. Bf1 {might work better.}) 31... Rxc5 32. Rxb7 Rc2 {[%csl LRa2,LRd2]} 33. Rd7 (33. Ke1 $142 Bh6 34. Bxh6 Rxg2 35. fxg4) 33... Bh6 34. Ke2 gxf3+ 35. Bxf3 Rxa2 {Weighted Error Value: White=0.53/Black=0.23 (precise)} 0-1

[Event "20th Prague Open 2022"]
[Site "Prague"]
[Date "2022.01.09"]
[Round "4.15"]
[White "Plischki, Sebastian"]
[Black "Koubova, Anna Marie"]
[Result "1-0"]
[WhiteElo "2375"]
[BlackElo "2148"]
[Annotator "TA"]
[PlyCount "67"]
[EventDate "2022.01.07"]
[EventType "swiss"]
[EventCountry "CZE"]
[SourceTitle "playchess.com"]
[Source "ChessBase"]
[SourceQuality "1"]

{[%evp 9,67,18,20,10,18,20,24,16,10,2,10,2,19,0,0,-6,8,0,0,-6,-8,-11,-16,-18,-14,-3,41,-74,-32,-37,-34,-35,-31,-129,-124,-118,-135,-111,-123,-188,-191,-189,-185,-253,-239,-253,-197,-206,-197,-297,-179,-188,0,0,0,0,558,549,1764,891]} 1. Nf3 d5 2. g3 Nd7 3. Bg2 e5 4. d3 Ngf6 5. O-O Be7 6. c4 {A07: Réti Opening: New York and Capablanca Systems.} c6 7. cxd5 cxd5 8. Nc3 {[#] White has an edge.} h6 $146 ({Predecessor:} 8... O-O 9. a3 b6 10. Nh4 Bb7 11. Nf5 h6 12. Bd2 a5 13. Rc1 Ra7 14. Nb5 Ra8 {1-0 (32) Petrosian,T (2625)-Babikov,I (2301) Minsk 2015}) 9. d4 e4 10. Ne5 O-O 11. f3 Re8 12. Nxd7 Qxd7 13. Bf4 exf3 14. Bxf3 Bd6 15. Bg2 Qd8 16. Rc1 Bg4 17. Qd2 {[%cal Of4h6]} ({Avoid the trap} 17. Nxd5 $2 Bxe2 18. Qb3 (18. Nxf6+ $2 Qxf6 19. Qd2 Bxf1 $19) 18... Bxf1 19. Rxf1 Bxf4 20. Nxf6+ Qxf6 $19) 17... Rc8 {[#]} (17... Re6 $11) 18. e3 (18. Bxh6 $1 $14 {stays ahead.} Ne4 19. Nxe4 Rxc1 20. Rxc1 (20. Qxc1 dxe4 21. Bg5 Qd7 $16) 20... dxe4 21. Be3) 18... Bxf4 (18... Bb4 $17) 19. Rxf4 $15 Rc6 20. Rcf1 Rce6 21. Kh1 (21. Re1 $15) 21... Rxe3 $17 22. Rxf6 gxf6 {[%cal Bg7f6,Bf6f5][%mdl 32]} 23. Nxd5 R3e6 {[%cal Be3e6,Be6d6,Bd6d4][%mdl 32]} ({Don't take} 23... Re2 24. Qxh6 R8e6 25. Nxf6+ Rxf6 26. Qxf6 (26. Rxf6 Re1+ 27. Rf1 Rxf1+ 28. Bxf1 Bf3+ 29. Bg2 Bxg2+ 30. Kxg2 Qxd4 $14) 26... Qxf6 27. Rxf6 $16) 24. Qxh6 (24. Nf4 $17 {was called for.} Rd6 25. d5) 24... f5 $19 25. Qc1 Rd6 26. Nf4 (26. Nc3 {was worth a try.}) 26... Rxd4 27. Bxb7 Re7 28. Bg2 Rd2 {White must now prevent ...Be2.} 29. h3 {[#]} (29. Qc3 $142 Rc7 30. Qe3) 29... Rd1 $1 30. Qc3 {[#]} (30. Qc4 Rxf1+) 30... Be2 (30... Rc7 $1 $19 31. Qe3 Rxf1+ 32. Bxf1 {[#]} Qd1 $1) 31. Rxd1 $11 {Really sharp!} Qxd1+ 32. Kh2 Ba6 $2 {[%mdl 8192]} (32... Qd6 $11 {and Black has nothing to worry.}) 33. Qf6 $18 {[%csl LRa6,LRe7,LRf5]} Re6 34. Nxe6 {Weighted Error Value: White=0.26 (precise) /Black=0.49} 1-0

[Event "20th Prague Open 2022"]
[Site "Prague"]
[Date "2022.01.09"]
[Round "4.16"]
[White "Hlavina, Matous"]
[Black "Kulhanek, Tomas"]
[Result "0-1"]
[WhiteElo "2125"]
[BlackElo "2323"]
[Annotator "TA"]
[PlyCount "96"]
[EventDate "2022.01.07"]
[EventType "swiss"]
[EventCountry "CZE"]
[SourceTitle "playchess.com"]
[Source "ChessBase"]
[SourceQuality "1"]

{[%evp 14,96,25,17,22,24,26,19,22,0,0,-8,-6,0,0,-2,0,0,0,-65,-64,-56,-29,-24,0,0,0,-25,0,-4,0,-8,-9,-68,-71,-81,-22,-150,-157,-192,-116,-195,-189,-191,-116,-107,-102,-108,-80,-84,-78,-173,-164,-230,-213,-200,-230,-236,-217,-231,-231,-277,-277,-295,-293,-310,-303,-303,-303,-303,-275,-303,-303,-362,-308,-534,-554,-546,-541,-657,-602,-747,-726,-1025,-966]} 1. e4 e6 2. d4 d5 3. Nd2 dxe4 4. Nxe4 Nd7 5. Bd3 Ngf6 6. Nf3 Nxe4 {6...Nxe4 has become a bit dusty these days.} 7. Bxe4 Nf6 8. Bg5 Qd6 {C10: French with 3 Nc3: Unusual Black 3rd moves and 3...dxe4.} 9. Bxf6 {is the legacy move (9.Bd3).} gxf6 10. Qe2 Bd7 {The position is equal.} 11. O-O-O O-O-O 12. Kb1 f5 13. Bd3 Bg7 14. Rhe1 Bc6 15. c3 {[#]} Qf4 $146 ({Predecessor:} 15... Bf6 16. g3 Kb8 17. Ne5 Bxe5 18. Qxe5 Qxe5 19. Rxe5 Rd5 20. Rde1 Rhd8 21. Kc2 a6 {½-½ (84) Kosintseva,T (2539)-Xu,Y (2485) Sochi 2009}) 16. h3 (16. Qe3 $11 Qg4 17. Rg1) 16... Rhg8 17. Rg1 Bf6 {[%cal Og8g2]} 18. Ne1 Qh2 19. Nf3 Qf4 {[%cal Og8g2]} 20. Ne1 Rg7 21. g3 Qh6 22. Ng2 Qxh3 23. Nf4 ({White should try} 23. Ne3 $1 $11) 23... Qg4 $36 {[%mdl 2048] Keeping White busy.} 24. Qc2 Rgg8 (24... Bf3 $17 {White must now prevent ...Bg5.} 25. Be2 Bxe2 26. Nxe2 Kb8) 25. Qb3 (25. Be2 $11 {remains equal.} Qg5 26. d5 exd5 27. Bf3) 25... Bf3 $1 $17 {Strongly threatening ...Bg5.} 26. Rde1 {[#]} Kb8 (26... Bg5 $1 $19 {[%cal Rg5f4]} 27. Ne2 h5) 27. a4 (27. Be2 $17) 27... Bg5 $19 28. Ng2 Bd2 {A strong pair of Bishops.} ({Better is} 28... c5 $19 29. Ne3 Qh5) 29. Re5 $17 Bd5 30. Qc2 Bg5 {[%cal Oc7c5] Black is more active.} 31. Be2 Qh3 32. Rxd5 exd5 $19 ({Inferior is} 32... Rxd5 33. Bf3 $15) 33. Bf3 {[#]} (33. Ne1 {was worth a try.}) 33... f4 $1 34. Nxf4 Bxf4 35. Rh1 Qe6 36. gxf4 h6 37. a5 Qa6 38. b4 Qf6 39. Qd2 a6 40. Kb2 c6 41. Rh5 Ka7 42. Qe3 Rg1 43. f5 Rg5 44. Qe5 $2 (44. Rxg5 Qxg5 45. Qxg5 hxg5 46. Kb3) 44... Qxe5 {Black is clearly winning.} 45. dxe5 Re8 46. e6 fxe6 {Threatens to win with ...Rf8.} 47. Rxg5 hxg5 48. Bh5 Rh8 {Weighted Error Value: White=0.41/Black=0.11 (very precise)} 0-1